JAKIE ODCIENIE MA KOLOR NIEBIESKI? - Statystyki

Ogólne statystyki
  • Ten quiz został rozwiązany 11 razy
  • Średni wynik to 4 z 6
Statystyki odpowiedzi
Odpowiedź % Poprawnych
GRANATOWY
100%
BŁĘKITNY
90%
MORSKI
50%
MORSKI
50%
TURKUSOWY
50%
INDYGO
40%
Nie znaleziono quizów pasujących do podanych kryteriów
Rozkład punktacji
Procent ludzi z każdym wynikiem
Percentyl według liczby udzielonych odpowiedzi
Twoja historia wyników
Nie rozwiązałeś tego quizu